<?xml version="1.0" encoding="UTF-8"?><?xml-stylesheet type="text/xsl" href="static/style.xsl"?><OAI-PMH xmlns="http://www.openarchives.org/OAI/2.0/" xmlns:xsi="http://www.w3.org/2001/XMLSchema-instance" xsi:schemaLocation="http://www.openarchives.org/OAI/2.0/ http://www.openarchives.org/OAI/2.0/OAI-PMH.xsd"><responseDate>2026-06-02T11:54:27Z</responseDate><request verb="GetRecord" identifier="oai:riuma.uma.es:10630/30896" metadataPrefix="marc">https://riuma.uma.es/rest/oai/request</request><GetRecord><record><header><identifier>oai:riuma.uma.es:10630/30896</identifier><datestamp>2026-02-03T11:41:52Z</datestamp><setSpec>com_10630_2254</setSpec><setSpec>col_10630_37956</setSpec></header><metadata><record xmlns="http://www.loc.gov/MARC21/slim" xmlns:dcterms="http://purl.org/dc/terms/" xmlns:doc="http://www.lyncode.com/xoai" xmlns:xsi="http://www.w3.org/2001/XMLSchema-instance" xsi:schemaLocation="http://www.loc.gov/MARC21/slim http://www.loc.gov/standards/marcxml/schema/MARC21slim.xsd">
   <leader>00925njm 22002777a 4500</leader>
   <datafield ind2=" " ind1=" " tag="042">
      <subfield code="a">dc</subfield>
   </datafield>
   <datafield ind2=" " ind1=" " tag="720">
      <subfield code="a">Suárez Xavier, Paulo Ramón</subfield>
      <subfield code="e">author</subfield>
   </datafield>
   <datafield ind2=" " ind1=" " tag="260">
      <subfield code="c">2023-03-24</subfield>
   </datafield>
   <datafield ind2=" " ind1=" " tag="520">
      <subfield code="a">La irrupción de las nuevas tecnologías ha cambiado la forma por la que los ciudadanos se relacionan entre sí, con el Estado y la dinámica de la vida misma. Cámaras de vigilancia, sensores de presencia, alarmas en los hogares y una gran gama de recursos tecnológicos han emergido para garantizar la seguridad dentro y fuera de los hogares.&#xd;
En lo que respecta a la seguridad pública, también la vigilancia electrónica por medio de cámaras ha permitido multiplicar los ojos de las fuerzas y cuerpos de seguridad allá donde antes no podían llegar, por razones de plantilla, de tiempo y de procedimiento.&#xd;
Estas cámaras, que antes potenciaban el ojo humano, ahora lo sustituye. Son capaces de identificar personas por medio de técnicas de reconocimiento facial y pueden ofrecer una serie de riesgos para los derechos y libertades de los ciudadanos.&#xd;
En este sentido, en el presente informe se analizan los riesgos que su utilización presenta a nivel bioético, jurídico y procesal.</subfield>
   </datafield>
   <datafield ind1="8" ind2=" " tag="024">
      <subfield code="a">978-84-1359-858-1</subfield>
   </datafield>
   <datafield ind1="8" ind2=" " tag="024">
      <subfield code="a">https://hdl.handle.net/10630/30896</subfield>
   </datafield>
   <datafield tag="653" ind2=" " ind1=" ">
      <subfield code="a">Derecho Procesal</subfield>
   </datafield>
   <datafield tag="653" ind2=" " ind1=" ">
      <subfield code="a">Reconocimiento Facial</subfield>
   </datafield>
   <datafield tag="653" ind2=" " ind1=" ">
      <subfield code="a">Garantías (Derecho)</subfield>
   </datafield>
   <datafield tag="653" ind2=" " ind1=" ">
      <subfield code="a">Videovigilancia</subfield>
   </datafield>
   <datafield ind2="0" ind1="0" tag="245">
      <subfield code="a">Informe sobre aspectos bioéticos, legales y procesales del derecho a la identidad y el uso de procedimientos de reconocimiento facial por las Fuerzas y Cuerpos de Seguridad</subfield>
   </datafield>
</record>
</metadata></record></GetRecord></OAI-PMH>